[Event "AUTO-INT-193"]
[Site "http://www.queenalice.com/game.php?id=112246"]
[Date "2006.10.2"]
[Round "1"]
[White "kame_84"]
[Black "xavimg"]
[Result "1-0"]
[WhiteElo "1663"]
[BlackElo "1525"]

1. e4 d5 2. exd5 Qxd5 3. Nc3 Qd8 4. d4 Nf6 5. Be3 e6 6. a3 Bd6 7. Qd2 h6 8. Bd3
Nc6 9. h3 e5 10. d5 Nd4 11. Nge2 Nxe2 12. Qxe2 Be7 13. g4 e4 14. Bc4 Qd6 15.
O-O-O b6 16. f3 exf3 17. Qxf3 Bb7 18. Rhe1 O-O-O 19. Rd2 c6 20. dxc6 Bxc6 21.
Qf5+ Bd7 22. Ba6+ Kc7 23. Nb5+ Kb8 24. Nxd6 Bxf5 25. Nxf7 Rxd2 26. Nxh8 Rxc2+
27. Kd1 Be4 28. Bf4+ Ka8 29. Be5 Rc6 30. Bxf6 Bc2+ 31. Kd2 gxf6 32. Rxe7 Kb8 33.
Re8+ Kc7 34. Rc8+ Kd6 35. Rxc6+ Kxc6 36. Kxc2 Kd6 37. Ng6 b5 38. Bxb5 Kc5 39.
Bd7 Kd6 40. Ba4 Kc5 41. Ne7 Kd6 42. Ng8 h5 43. Nxf6 Ke6 44. Nxh5 Ke5 45. Kd3 Kd5
46. g5 a5 47. g6 Ke6 48. Nf4+ Kf5 49. Ke3 Kg5 50. g7 Kh6 51. g8=R Kh7 52. Bb3
1-0

[Event "AUTO-INT-193"]
[Site "http://www.queenalice.com/game.php?id=112257"]
[Date "2006.10.2"]
[Round "1"]
[White "kame_84"]
[Black "llo_oll"]
[Result "0-1"]
[WhiteElo "1663"]
[BlackElo "1377"]

1. e4 c6 2. Nf3 d5 3. d3 Nd7 4. Be3 Ngf6 5. c4 e5 6. cxd5 cxd5 7. Qa4 Bd6 8. Nc3
O-O 9. Bg5 h6 10. Bxf6 Nxf6 11. Nxd5 Nxd5 12. exd5 Bd7 13. Qb3 Qa5+ 14. Nd2 Ba4
15. Qc4 Rfc8 16. Qg4 Rc2 17. Rd1 Rxb2 18. Be2 Bxd1 19. O-O Bxe2 20. Nc4 Qxa2 21.
Nxd6 Bxg4 0-1

[Event "AUTO-INT-193"]
[Site "http://www.queenalice.com/game.php?id=112258"]
[Date "2006.10.2"]
[Round "1"]
[White "llo_oll"]
[Black "kame_84"]
[Result "1-0"]
[WhiteElo "1438"]
[BlackElo "1673"]

1. c4 e5 2. Nc3 Nf6 3. g3 Bc5 4. Bg2 O-O 5. e3 c6 6. d4 exd4 7. exd4 Bb4 8. Ne2
Re8 9. O-O d5 10. cxd5 cxd5 11. Bg5 Bg4 12. Qd3 Bxc3 13. Nxc3 Nbd7 14. Rae1 Qa5
15. h3 Nc5 16. dxc5 Bh5 17. Bxf6 gxf6 18. Nxd5 Rxe1 19. Nxf6+ Kf8 20. Qd6+ Kg7
21. Nxh5+ Kg8 22. Qh6 Rxf1+ 23. Kxf1 Qb5+ 24. Kg1 Qxb2 25. Be4 Re8 26. Bxh7+ Kh8
27. Bg6+ Kg8 28. Qh7+ Kf8 29. Qxf7# 1-0

[Event "AUTO-ADV-296"]
[Site "http://www.queenalice.com/game.php?id=125840"]
[Date "2006.11.6"]
[Round "1"]
[White "kame_84"]
[Black "Markus1234567"]
[Result "0-1"]
[WhiteElo "1725"]
[BlackElo "1885"]

1. e4 e5 2. Nf3 Nc6 3. Bb5 Nge7 4. d3 a6 5. Bxc6 Nxc6 6. O-O Bc5 7. Nc3 O-O 8.
Nd5 d6 9. Be3 Ba7 10. a3 Bg4 11. h3 Be6 12. Bxa7 Rxa7 13. Ne3 Qf6 14. Nd2 Qg6
15. Qf3 Nd4 16. Qd1 Bxh3 17. g3 Bxf1 18. Nexf1 f5 19. c3 Ne6 20. Qe2 Nf4 21. Qe3
b6 22. Nh2 fxe4 23. Nxe4 d5 24. Nd2 Nh3+ 25. Kf1 Rxf2+ 26. Ke1 Rxh2 27. Qxe5 Qf7
28. Nf1 Qf2+ 29. Kd1 Qxf1+ 0-1

[Event "AUTO-ADV-296"]
[Site "http://www.queenalice.com/game.php?id=125841"]
[Date "2006.11.6"]
[Round "1"]
[White "Markus1234567"]
[Black "kame_84"]
[Result "1/2-1/2"]
[WhiteElo "1862"]
[BlackElo "1696"]

1. e4 e6 2. d4 d5 3. e5 c5 4. c3 Nc6 5. Bb5 cxd4 6. cxd4 Qa5+ 7. Nc3 Bb4 8.
Bxc6+ bxc6 9. Ne2 Ne7 10. a3 Bxc3+ 11. bxc3 Ba6 12. Bd2 Qb6 13. Rb1 Qc7 14. O-O
c5 15. f4 O-O 16. Rf2 Bxe2 17. Qxe2 Nf5 18. Qd3 cxd4 19. cxd4 Rab8 20. Bb4 Qb6
21. Rfb2 Rfe8 22. Bc5 Qc7 23. Qa6 Rxb2 24. Rxb2 Nxd4 25. Rb7 Qxc5 26. Rb1 Nf3+
27. Kh1 Nd2 28. Rd1 h6 29. Qa4 Rc8 30. Rxd2 Qc1+ 31. Rd1 Rc4 32. Qb3 Qxf4 33.
Qb8+ Kh7 34. Qxa7 Rc1 35. Qg1 Rxd1 36. Qxd1 Qxe5 37. a4 Qc3 38. h3 e5 39. Qb1+
g6 40. Qb7 Qc1+ 41. Kh2 Qf4+ 42. Kg1 d4 43. Qf3 Qc1+ 44. Kh2 Qc7 45. a5 e4+ 46.
Qg3 Qxa5 47. Qf4 f5 48. Qd6 d3 49. Qe7+ Kg8 50. Qe8+ Kh7 51. Qf7+ Kh8 52. Qf8+
Kh7 53. Qf7+ Kh8 54. Qf8+ Kh7 55. Qf7+ 1/2-1/2

[Event "AUTO-ADV-296"]
[Site "http://www.queenalice.com/game.php?id=125842"]
[Date "2006.11.6"]
[Round "1"]
[White "kame_84"]
[Black "loinburger"]
[Result "0-1"]
[WhiteElo "1632"]
[BlackElo "1781"]

1. e4 e5 2. Nf3 Nc6 3. Bb5 a6 4. Bxc6 dxc6 5. O-O f6 6. d3 c5 7. Nc3 Bd6 8. b3
Ne7 9. Bb2 Nc6 10. Nd5 b6 11. Nh4 Nd4 12. Bxd4 cxd4 13. a3 a5 14. Nf5 Bxf5 15.
exf5 c6 16. Qh5+ Kf8 17. Nxf6 Qxf6 18. b4 g6 19. fxg6 hxg6 20. Qe2 Ke7 21. f3
axb4 22. axb4 Bxb4 23. Rab1 c5 24. Kh1 Kd6 25. Rf2 Qf4 26. Rbf1 Qxh2# 0-1

[Event "AUTO-ADV-296"]
[Site "http://www.queenalice.com/game.php?id=125843"]
[Date "2006.11.6"]
[Round "1"]
[White "loinburger"]
[Black "kame_84"]
[Result "1-0"]
[WhiteElo "1770"]
[BlackElo "1643"]

1. e4 e6 2. d4 d5 3. e5 c5 4. c3 Qa5 5. Nf3 cxd4 6. Nxd4 Be7 7. f4 f6 8. Bd3 Bb4
9. O-O Bc5 10. Be3 Nc6 11. b4 Bxb4 12. cxb4 Qxb4 13. a3 Qe7 14. Nc3 fxe5 15.
Nxc6 bxc6 16. Qh5+ g6 17. Bxg6+ Kd7 18. Qxe5 Nf6 19. Bd3 Rg8 20. f5 Kd8 21. fxe6
Bxe6 22. Rxf6 Kd7 23. Rxe6 Qh4 24. Qd6+ Kc8 25. Ba6# 1-0

[Event "AUTO-INT-236"]
[Site "http://www.queenalice.com/game.php?id=126170"]
[Date "2006.11.7"]
[Round "1"]
[White "jsh272"]
[Black "kame_84"]
[Result "0-1"]
[WhiteElo "1549"]
[BlackElo "1636"]

1. Nf3 e6 2. c4 d5 3. b3 c6 4. Nc3 Nf6 5. d3 Bb4 6. Bd2 O-O 7. e4 Re8 8. cxd5
exd5 9. Be2 dxe4 10. Nxe4 Bxd2+ 11. Qxd2 Nxe4 12. dxe4 Bg4 13. Qxd8 Rxd8 14. Ng5
Bxe2 15. Kxe2 Nd7 16. Rhe1 Nf6 17. Kf1 Re8 18. a4 h6 19. e5 Ng4 20. Nf3 h5 21.
h3 Nh6 22. Re2 Nf5 23. Rae1 Re7 24. e6 f6 25. g4 hxg4 26. hxg4 Nh6 27. g5 Ng4
28. gxf6 Nxf6 29. Ng5 Nd5 30. Nf7 b6 31. Nd6 Rd8 32. Nb7 Rde8 33. a5 Rxb7 34.
axb6 axb6 35. f3 Rbe7 36. Kf2 Nf4 37. Rc2 Nd3+ 38. Kf1 Nxe1 39. Kxe1 Rxe6+ 40.
Kf2 Kf7 41. f4 Kf6 42. Rc3 Rd8 43. Kf3 Red6 0-1

[Event "AUTO-INT-236"]
[Site "http://www.queenalice.com/game.php?id=126171"]
[Date "2006.11.7"]
[Round "1"]
[White "kame_84"]
[Black "jsh272"]
[Result "1-0"]
[WhiteElo "1622"]
[BlackElo "1581"]

1. e4 e5 2. Nf3 Nf6 3. d3 d5 4. Bg5 dxe4 5. Nxe5 Qe7 6. d4 Qb4+ 7. Nd2 Qxd4 8.
Bxf6 gxf6 9. Nxf7 Kxf7 10. Bc4+ Be6 11. Qh5+ Ke7 12. Bxe6 Kxe6 13. Qg4+ f5 14.
Qf4 Bd6 15. Qh6+ Ke5 16. O-O-O Qxf2 17. Nc4# 1-0

[Event "AUTO-INT-236"]
[Site "http://www.queenalice.com/game.php?id=126188"]
[Date "2006.11.7"]
[Round "1"]
[White "bogmaster"]
[Black "kame_84"]
[Result "0-1"]
[WhiteElo "1672"]
[BlackElo "1674"]

1. e4 e6 2. Bb5 Ne7 3. d3 Nbc6 4. Be3 d5 5. Nc3 g6 6. Nf3 Bg7 7. Bxc6+ Nxc6 8.
Qd2 O-O 9. O-O-O a5 10. Bh6 Bd7 11. Bxg7 Kxg7 12. exd5 exd5 13. Nxd5 Be6 14. Nf4
Bxa2 15. Rhe1 a4 16. Qc3+ Kg8 17. d4 Bd5 18. Ne5 Qd6 19. Nxc6 Qxf4+ 20. Kb1 Bxc6
21. d5 Bd7 22. Re7 Qd6 0-1

[Event "AUTO-INT-236"]
[Site "http://www.queenalice.com/game.php?id=126189"]
[Date "2006.11.7"]
[Round "1"]
[White "kame_84"]
[Black "bogmaster"]
[Result "1-0"]
[WhiteElo "1657"]
[BlackElo "1689"]

1. e4 e5 2. Nf3 Nc6 3. Bb5 Nd4 4. Nxd4 exd4 5. O-O c6 6. Be2 Bc5 7. d3 d6 8. Bf4
g6 9. Nd2 Qf6 10. Bg3 Be6 11. Bg4 Ne7 12. Bxe6 fxe6 13. f4 O-O-O 14. e5 Qf5 15.
c3 dxc3+ 16. Kh1 cxd2 17. Qxd2 a6 18. b4 Bd4 19. a4 Bxa1 20. Rxa1 dxe5 21. Qe3
Rxd3 22. Qc5 Rhd8 23. h3 Rd1+ 24. Rxd1 Rxd1+ 25. Kh2 1-0

[Event "QA-ANNIV-02"]
[Site "http://www.queenalice.com/game.php?id=128229"]
[Date "2006.11.11"]
[Round "4"]
[White "kame_84"]
[Black "trompmaster"]
[Result "0-1"]
[WhiteElo "1649"]
[BlackElo "1872"]

1. e4 d6 2. d4 c6 3. Nf3 Nd7 4. c4 e5 5. d5 c5 6. Nc3 Be7 7. g3 h6 8. Bh3 Nb6 9.
Bxc8 Qxc8 10. Nb5 a6 11. Nc3 Qh3 12. Ne2 Qg2 13. Rf1 Qxf3 14. Qc2 Nf6 15. Nc3
O-O 16. Bd2 Nxc4 17. Ne2 Nxd2 18. Qxd2 Nxe4 19. Qc2 Bg5 20. h4 Bd2+ 21. Kd1 Ba5
22. a4 Nxf2+ 23. Kc1 Nd3+ 0-1

[Event "AUTO-OPEN-305"]
[Site "http://www.queenalice.com/game.php?id=128906"]
[Date "2006.11.13"]
[Round "2"]
[White "fera77"]
[Black "kame_84"]
[Result "0-1"]
[WhiteElo "1736"]
[BlackElo "1688"]

1. d4 Nf6 2. c4 g6 3. Nf3 Bg7 4. Nc3 O-O 5. Bg5 c6 6. e3 d5 7. Rc1 Re8 8. Bd3
Nbd7 9. O-O e5 10. dxe5 Nxe5 11. Nxe5 Rxe5 12. Bf4 Re8 13. Bg5 Bd7 14. cxd5 Qc8
15. dxc6 Qxc6 16. Ne4 Qb6 17. Nxf6+ Bxf6 18. Bxf6 Qxf6 19. Bxg6 hxg6 20. Qxd7
Qxb2 21. Rc7 Rf8 22. Rxb7 Qxa2 23. Rfb1 Kg7 24. Qd4+ Kg8 25. Ra1 Qc2 26. h3 Rfd8
27. Rbxa7 Rxd4 28. Rxa8+ Kg7 29. exd4 Qe4 30. R8a4 Qd5 31. f4 Qe4 32. Kf2 Qxf4+
33. Ke2 Qe4+ 34. Kf2 Kh6 35. R1a2 f6 36. g3 Qf5+ 37. Kg2 g5 38. R2a3 Qe4+ 39.
Kh2 Kh5 40. Ra2 f5 41. Kg1 g4 42. d5 Qb1+ 43. Kh2 gxh3 44. Ra1 Qb7 45. d6 Qg2#
0-1

[Event "AUTO-OPEN-305"]
[Site "http://www.queenalice.com/game.php?id=128907"]
[Date "2006.11.13"]
[Round "2"]
[White "kame_84"]
[Black "fera77"]
[Result "0-1"]
[WhiteElo "1715"]
[BlackElo "1679"]

1. e4 c5 2. Nf3 Nc6 3. d4 cxd4 4. Nxd4 Nf6 5. Nc3 a6 6. Be3 e6 7. Qd2 Bb4 8. Bd3
d5 9. exd5 Nxd5 10. Nde2 Ne5 11. a3 Nxe3 12. Qxe3 Nxd3+ 13. Qxd3 Qxd3 14. cxd3
Ba5 15. O-O O-O 16. Ne4 Bd7 17. Rac1 Bb5 18. Nf4 e5 19. Nd5 Bxd3 20. Ne7+ Kh8
21. Rfd1 Bxe4 22. h3 Rfe8 23. Rc5 Rxe7 24. Rdc1 h6 25. Rxa5 b6 26. Ra4 Bd5 27.
Rd1 Bb3 0-1

[Event "AUTO-OPEN-305"]
[Site "http://www.queenalice.com/game.php?id=128914"]
[Date "2006.11.13"]
[Round "2"]
[White "kame_84"]
[Black "Savage_king"]
[Result "0-1"]
[WhiteElo "1725"]
[BlackElo "1850"]

1. e4 Nf6 2. e5 Nd5 3. d4 d6 4. Bc4 Nb6 5. Bb3 dxe5 6. Qf3 e6 7. dxe5 c5 8. Nh3
c4 9. Ng5 Qc7 10. Bxc4 Nxc4 11. Bf4 Nxe5 12. Qe3 Qa5+ 13. Nd2 Nc4 14. Qg3 Nxd2
15. Bxd2 Qf5 16. Qd3 Qxd3 17. cxd3 Be7 18. Nf3 Nc6 19. O-O O-O 20. Rac1 Rd8 21.
Rc3 Nd4 22. Ne5 Bb4 23. Rc7 Bxd2 24. Rxf7 Bf4 25. Rxf4 Ne2+ 26. Kh1 Nxf4 27. d4
Rxd4 28. b3 b6 29. Nc6 Rd2 30. a4 Bb7 31. Rc1 Bxc6 32. Rxc6 Rd1# 0-1

[Event "AUTO-OPEN-305"]
[Site "http://www.queenalice.com/game.php?id=128915"]
[Date "2006.11.13"]
[Round "2"]
[White "Savage_king"]
[Black "kame_84"]
[Result "1-0"]
[WhiteElo "1838"]
[BlackElo "1725"]

1. d4 Nf6 2. g4 Nxg4 3. e4 d6 4. Be2 Nf6 5. Nc3 Nc6 6. Be3 Nb4 7. a3 Nc6 8. Nf3
e5 9. Qd2 exd4 10. Nxd4 Nxd4 11. Bxd4 Be7 12. O-O-O O-O 13. Rhg1 c5 14. Be3 g6
15. h4 b5 16. h5 b4 17. axb4 cxb4 18. hxg6 fxg6 19. Nb1 a5 20. f4 Nxe4 21. Qd5+
Kh8 22. Qxa8 Qc7 23. Qxe4 b3 24. Bd4+ Kg8 25. Rxg6+ Kf7 26. Rg7+ Ke8 27. Bb5+
Kd8 28. Qxe7+ Qxe7 29. Bb6+ Qc7 30. Bxc7# 1-0

[Event "AUTO-INT-236"]
[Site "http://www.queenalice.com/game.php?id=141318"]
[Date "2006.12.14"]
[Round "2"]
[White "CampbellMarcel"]
[Black "kame_84"]
[Result "0-1"]
[WhiteElo "429"]
[BlackElo "1677"]

1. e4 e6 2. Nf3 d5 3. exd5 exd5 4. d4 Nf6 5. Bd3 Bd6 6. Qe2+ Be6 7. Bg5 Nbd7 8.
Ne5 O-O 9. O-O Re8 10. Bxh7+ Kxh7 11. Bxf6 Nxf6 12. f4 Kg8 13. c4 Bxe5 14. fxe5
Ne4 15. c5 c6 16. Qh5 Qg5 17. Qe2 Bh3 18. Rf3 Bg4 19. Nd2 Bxf3 20. Nxf3 Qg6 21.
Rf1 b6 22. cxb6 axb6 23. a3 c5 24. Nh4 Qh6 25. Nf5 Qh7 26. Rf4 Re6 27. Nxg7 Qxg7
28. Rg4 Rg6 29. Rf4 Ra4 30. dxc5 bxc5 31. Qc2 Rc4 32. Qe2 Qxe5 33. Qf1 Nd2 34.
Rxf7 Nxf1 0-1

[Event "AUTO-INT-236"]
[Site "http://www.queenalice.com/game.php?id=141319"]
[Date "2006.12.14"]
[Round "2"]
[White "kame_84"]
[Black "CampbellMarcel"]
[Result "0-1"]
[WhiteElo "1703"]
[BlackElo "1747"]

1. e4 d5 2. exd5 Qxd5 3. Nc3 Qd8 4. d4 f6 5. Qh5+ g6 6. Qf3 c6 7. Bc4 e6 8. Nge2
f5 9. O-O Bh6 10. Bf4 g5 11. Be5 g4 12. Qg3 f4 13. Qxg4 Nf6 14. Bxf6 Qxf6 15.
Ne4 Qg6 16. Nd6+ Ke7 17. Nxc8+ Rxc8 18. Qh4+ Bg5 19. Qh3 Nd7 20. Rfe1 Rf8 21.
Nxf4 Qf5 22. Rxe6+ Kd8 23. Qh5 Bxf4 24. Rae1 Qxh5 0-1

[Event "AUTO-INT-236"]
[Site "http://www.queenalice.com/game.php?id=141320"]
[Date "2006.12.14"]
[Round "2"]
[White "TopMind"]
[Black "kame_84"]
[Result "1-0"]
[WhiteElo "1843"]
[BlackElo "1698"]

1. c4 Nf6 2. d4 d5 3. Nc3 c6 4. Bf4 Bf5 5. e3 e6 6. Nf3 Nbd7 7. Bd3 Bxd3 8. Qxd3
Bb4 9. a3 Bxc3+ 10. bxc3 Ne4 11. Nd2 Nxd2 12. Kxd2 O-O 13. cxd5 cxd5 14. Rab1 b6
15. Rhc1 Nf6 16. h3 Ne4+ 17. Ke2 Qh4 18. Rf1 Rac8 19. Rbc1 Rc7 20. Bxc7 Qh5+ 21.
f3 Ng3+ 22. Bxg3 Qg5 23. Kf2 f6 24. Qa6 Ra8 25. Qb7 Rf8 26. Qxa7 1-0

[Event "AUTO-INT-236"]
[Site "http://www.queenalice.com/game.php?id=141321"]
[Date "2006.12.14"]
[Round "2"]
[White "kame_84"]
[Black "TopMind"]
[Result "0-1"]
[WhiteElo "1706"]
[BlackElo "1853"]

1. e4 e6 2. d4 d5 3. Nd2 Nf6 4. e5 Nfd7 5. Qg4 c5 6. c3 Qb6 7. Ngf3 Nc6 8. Bd3
g6 9. Ng5 cxd4 10. cxd4 Nxd4 11. Qf4 Nf5 12. O-O Bh6 13. Qg4 Nxe5 14. Qe2 Nxd3
15. Nxf7 Kxf7 16. Qxd3 Qd4 17. Qc2 Qb6 18. Nb3 Bd7 19. Qe2 Bb5 20. Qe5 Bxf1 21.
Kxf1 Qb5+ 22. Kg1 Bxc1 23. Rxc1 Rac8 24. Rc7+ Rxc7 25. Qxc7+ Kf6 26. Qc3+ e5 27.
Nd2 Qe2 28. Nf1 d4 29. Qa3 d3 30. Qxa7 d2 31. Qb6+ Kg5 32. Nxd2 Qxd2 33. g3 Qc1+
34. Kg2 Qc6+ 0-1

[Event "QA-ANNIV-02"]
[Site "http://www.queenalice.com/game.php?id=150531"]
[Date "2007.1.5"]
[Round "5"]
[White "ian"]
[Black "kame_84"]
[Result "1-0"]
[WhiteElo "1553"]
[BlackElo "1679"]

1. d4 Nf6 2. e3 d5 3. Nc3 Nc6 4. Nf3 Bg4 5. Be2 Bxf3 6. Bxf3 e5 7. dxe5 Nxe5 8.
Bxd5 Bb4 9. Bxb7 Bxc3+ 10. bxc3 Rb8 11. Bf3 Nxf3+ 12. Qxf3 O-O 13. Ba3 Re8 14.
O-O Qd2 15. Qc6 Rec8 16. Rfc1 Rb6 17. Qc5 Ng4 18. e4 Qh6 19. h3 Nf6 20. f3 Nd7
21. Qf5 Qc6 22. Bb4 Rd8 23. Rd1 Nf6 24. Be7 Rxd1+ 25. Rxd1 1-0